00509 2200205 4500001002100000008004100021035002000062245007000082100001800152250000600170260003200176300001100208084001400219082000800233650001400241990001200255990001200267990001200279990001200291INLIS000000000000460 ind  a0010-0424000436 aNama - Nama Besar; Jadilah Terang ( Thomas Edison )cSteve Parker aParker, Steve a1 aBandung :bPakar Rayac2009 a32 hlm a600 STE n a600 aNon Fiksi a0722639 a0722640 a0722641 a0722642